Connection: Blueprints. (Record no. 21432)
[ view plain ]
| 000 -LEADER | |
|---|---|
| fixed length control field | 00274nam a22001217a 4500 |
| 020 ## - INTERNATIONAL STANDARD BOOK NUMBER | |
| ISBN | 0021787247 |
| 040 ## - CATALOGING SOURCE | |
| Transcribing agency | rua |
| 082 ## - DEWEY DECIMAL CLASSIFICATION NUMBER | |
| Classification number | 372 MAC 1991 C187 Or. |
| 100 ## - MAIN ENTRY--AUTHOR NAME | |
| Personal name | Arnold, Virginia A. |
| 245 ## - TITLE STATEMENT | |
| Title | Connection: Blueprints. |
| 260 ## - PUBLICATION, DISTRIBUTION, ETC. (IMPRINT) | |
| Place of publication | phnom penh |
| Name of publisher | rua |
| Year of publication | 1991 |
| 942 ## - ADDED ENTRY ELEMENTS (KOHA) | |
| Koha item type | សៀវភៅភាសាអង់គ្លេស |
| 952 ## - LOCATION AND ITEM INFORMATION (KOHA) | |
| Withdrawn status [LOCAL, KOHA] | 0 |
| Permanent Location | Date acquired | Koha item type | Lost status | Shelving location | Barcode | Current Location | Full call number |
|---|---|---|---|---|---|---|---|
| Library Block C | 2023-06-12 | សៀវភៅភាសាអង់គ្លេស | C187 | a18964 | Library Block C | 372 MAC 1991 C187 Or. |